|
|
|
|
| LEADER |
00000nam a2200000 i 4500 |
| 001 |
DIGUCANT0174 |
| 003 |
NyNyDIG |
| 007 |
cr ||||||||||| |
| 008 |
230918s2014 sp a ob 001 0 por d |
| 006 |
m o d |
| 035 |
|
|
|a (OCoLC)1399543201
|
| 040 |
|
|
|a DGITA
|b eng
|e rda
|e pn
|c DGITA
|
| 020 |
|
|
|a 9788419024459
|q eBook
|q pdf
|
| 020 |
|
|
|z 9789481027143
|q (Tapa)
|
| 024 |
7 |
|
|a 10.22429/Euc2014.030
|2 doi
|
| 041 |
1 |
|
|a por
|a spa
|h por
|
| 050 |
1 |
4 |
|a KZ1242 ebook
|
| 245 |
0 |
0 |
|a Escola Ibérica da Paz :
|b a consciência crítica da conquista e colonização da América = Escuela Ibérica de la Paz : la conciencia crítica de la conquista y colonización de América : 1511-1694 /
|c [direção/dirección] Pedro Calafate, Ramón Emilio Mandado Gutiérrez ; prefácio/prefacio, Antônio Augusto Cançado Trindade.
|
| 246 |
3 |
1 |
|a Escuela Ibérica de la Paz
|
| 264 |
|
1 |
|a Santander :
|b Ediciones Universidad Cantabria,
|c [2014]
|
| 300 |
|
|
|a 1 online resource :
|b color illustrations.
|
| 336 |
|
|
|a text
|b txt
|2 rdacontent
|
| 337 |
|
|
|a computer
|b c
|2 rdamedia
|
| 338 |
|
|
|a online resource
|b cr
|2 rdacarrier
|
| 347 |
|
|
|a text file
|2 rdaft
|
| 347 |
|
|
|b PDF
|
| 504 |
|
|
|a Includes bibliographical references and index.
|
| 546 |
|
|
|a Text in Portuguese and Spanish.
|
| 588 |
0 |
|
|a Online resource; title from PDF title page (Digitalia, viewed September 18, 2023)
|
| 650 |
|
0 |
|a International law
|x History
|y 17th century.
|
| 650 |
|
0 |
|a Indians, Treatment of.
|
| 650 |
|
0 |
|a Natural law
|x History
|y 17th century.
|
| 700 |
1 |
|
|a Calafate, Pedro,
|e editor.
|
| 700 |
1 |
|
|a Mandado Gutiérrez, Ramón Emilio,
|e editor.
|
| 700 |
1 |
|
|a Trindade, Antõnio Augusto Canç̧ado,
|d 1947-
|e contributor agent of text.
|
| 791 |
2 |
|
|a Digitalia (Firm),
|e distributor.
|
| 793 |
0 |
|
|g Digitalia eBook Collection:
|a Universidad de Cantabria
|
| 776 |
0 |
8 |
|i Print version:
|t Escola Ibérica da Paz.
|d Santander : Ediciones Universidad Cantabria, [2014]
|z 9789481027143
|
| 856 |
4 |
0 |
|3 Digitalia Hispánica
|u https://www.digitaliapublishing.com/a/129358/
|
| 910 |
|
|
|a Premium collection: 2023
|